<?xml version="1.0" encoding="UTF-8"?>
<record
    xmlns:xsi="http://www.w3.org/2001/XMLSchema-instance"
    xsi:schemaLocation="http://www.loc.gov/MARC21/slim http://www.loc.gov/standards/marcxml/schema/MARC21slim.xsd"
    xmlns="http://www.loc.gov/MARC21/slim">

  <leader>02404agaaa2200313   4500</leader>
  <controlfield tag="001">7206</controlfield>
  <controlfield tag="003">IT-RoPAU</controlfield>
  <controlfield tag="005">20220918181234.0</controlfield>
  <controlfield tag="007">d cvaizq</controlfield>
  <controlfield tag="008">50131s9999||||xx ||| |     ||   ||und||</controlfield>
  <datafield tag="040" ind1=" " ind2=" ">
    <subfield code="a">IT-RoPAU</subfield>
    <subfield code="c">IT-RoPAU</subfield>
  </datafield>
  <datafield tag="041" ind1=" " ind2=" ">
    <subfield code="a">ITALIANO</subfield>
  </datafield>
  <datafield tag="100" ind1=" " ind2=" ">
    <subfield code="a">Trier Lars Von</subfield>
    <subfield code="g">Codice regista SPICS: 50371</subfield>
    <subfield code="9">42267</subfield>
  </datafield>
  <datafield tag="130" ind1=" " ind2=" ">
    <subfield code="a">MANDERLAY</subfield>
    <subfield code="9">42268</subfield>
  </datafield>
  <datafield tag="245" ind1=" " ind2=" ">
    <subfield code="a">MANDERLAY</subfield>
    <subfield code="c">Prodotto da: Windelov Vibeke -- Sceneggiatura: Trier Lars Von -- Diretto da: Trier Lars Von</subfield>
    <subfield code="p">MANDERLAY (Rif. Codice opera principale : H7206)</subfield>
  </datafield>
  <datafield tag="250" ind1=" " ind2=" ">
    <subfield code="a">Edizione Standard</subfield>
  </datafield>
  <datafield tag="260" ind1=" " ind2=" ">
    <subfield code="a">(DANIMARCA - FRA - )</subfield>
    <subfield code="b">ZENTROPA ENTERT. - FILM I VAST - EDITH FILM / Distribuzione: ARION LIBRERIA</subfield>
    <subfield code="g">"2005 (1&#xB0; ed.: 2007 ; Ed. Lingua Orig.: 2005)"</subfield>
  </datafield>
  <datafield tag="300" ind1=" " ind2=" ">
    <subfield code="a">DVD</subfield>
    <subfield code="b">sonoro, col.</subfield>
    <subfield code="c">134 minuti</subfield>
  </datafield>
  <datafield tag="508" ind1=" " ind2=" ">
    <subfield code="a">"Fotografia: Mantle Anthony Dod; Montaggio: Stensgard M. Kjaerha; Musica: Holbek Joachim; Sceneggiatura: Trier Lars Von; Scenografia: Grant Peter; "</subfield>
  </datafield>
  <datafield tag="511" ind1=" " ind2=" ">
    <subfield code="a">"Howard Brice; Dallas; De; Bankole Isaach; Glover Danny; Dafoe Willem; Bacall Lauren"</subfield>
  </datafield>
  <datafield tag="520" ind1=" " ind2=" ">
    <subfield code="a">"USA, 1933. GRACE HA ABBANDONATO DOGVILLE INSIEME AL PADRE E ALLA SUA BANDADI GANGSTER PER CERCARE UN NUOVO POSTO DOVE STABILIRSI. LA RICERCA NON E' FACILE PER CUI IL VIAGGIO SI RIVELA PIU' LUNGO DEL PREVISTO. POICHE' NESSUNLUOGO SEMBRA ADATTO DECIDONO DI ANDARE VERSO SUD E DI PASSARE PER L'ALABAMA. E' QUI CHE GRACE ENTRA IN CONTATTO CON GLI ABITANTI DI UNA REMOTA PIANTAGIONE DI COTONE CHIAMATA MANDERLAY QUANDO FLORA, UNA DELLE SCHIAVE, CHIEDE IL SUO AIUTO PER SALVARE DALLE FRUSTATE TIMOTHY ACCUSATO DI AVER RUBATO DELVINO. GRACE SCOPRE COSI' UNA TERRIBILE REALTA' FATTA DI SCHIAVITU', REPRESSIONE E INGIUSTIZIA. LA RAGAZZA TENTERA' DI CAMBIARE LE LEGGI RIGIDE E CRUDELI CHE REGOLANO LA PIANTAGIONE, CERCANDO NEL FRATTEMPO DI INFONDERE NEGLI EX-SCHIAVI I PRINCIPI DELLA DEMOCRAZIA. CAPITOLO SECONDO DELLA TRILOGIA COMINCIATA CON DOGVILLE. CONTENUTI SPECIALI: INTERVISTE AL REGISTA E AGLI ATTORI PRINCIPALI; RIPRESE SUL SET; GALLERIA FOTOGRAFICA; TRAILER."</subfield>
  </datafield>
  <datafield tag="538" ind1=" " ind2=" ">
    <subfield code="a">PAL, STEREO</subfield>
  </datafield>
  <datafield tag="546" ind1=" " ind2=" ">
    <subfield code="a">ITALIANO</subfield>
  </datafield>
  <datafield tag="650" ind1=" " ind2=" ">
    <subfield code="a">DRAMMATICO</subfield>
    <subfield code="e">DVD-FILM [DVD]</subfield>
    <subfield code="x">Codice MATERIA SPICS: 9947</subfield>
    <subfield code="9">42269</subfield>
  </datafield>
  <datafield tag="700" ind1=" " ind2=" ">
    <subfield code="a">Holbek Joachim</subfield>
    <subfield code="e">(musica)</subfield>
    <subfield code="g">Codice Musica SPICS: 58859</subfield>
    <subfield code="9">42270</subfield>
  </datafield>
  <datafield tag="700" ind1=" " ind2=" ">
    <subfield code="a">Trier Lars Von </subfield>
    <subfield code="e">(regista)</subfield>
    <subfield code="g">Codice regista SPICS: 50371</subfield>
    <subfield code="9">42271</subfield>
  </datafield>
  <datafield tag="700" ind1=" " ind2=" ">
    <subfield code="a">Trier Lars Von </subfield>
    <subfield code="e">(soggetto)</subfield>
    <subfield code="g">Codice Soggetto SPICS: 50371</subfield>
    <subfield code="9">42272</subfield>
  </datafield>
  <datafield tag="942" ind1=" " ind2=" ">
    <subfield code="c">DV</subfield>
    <subfield code="2">ddc</subfield>
  </datafield>
  <datafield tag="999" ind1=" " ind2=" ">
    <subfield code="c">105592</subfield>
    <subfield code="d">105592</subfield>
  </datafield>
  <datafield tag="952" ind1=" " ind2=" ">
    <subfield code="0">0</subfield>
    <subfield code="1">0</subfield>
    <subfield code="4">0</subfield>
    <subfield code="6">H_7206_000000000000000</subfield>
    <subfield code="7">1</subfield>
    <subfield code="a">SPICS</subfield>
    <subfield code="b">SPICS</subfield>
    <subfield code="d">2015-01-31</subfield>
    <subfield code="l">0</subfield>
    <subfield code="o">H7206</subfield>
    <subfield code="r">2015-01-31 00:00:00</subfield>
    <subfield code="w">2015-01-31</subfield>
    <subfield code="y">DV</subfield>
    <subfield code="z">Progr. Ins.: 3543 / N.Vol.:1 / Copie: 1 / Pag.:0 / Copia rara: n.d. / date import: 1.2.2015 / By Epidotti, Trombetti, Vaglietti</subfield>
  </datafield>
</record>
